000 00595nam a2200181Ia 4500
008 151202s9999||||xx |||||||||||||| ||und||
082 _bPNVM-66984
100 _aपांढरीपांडे विजय.
245 _aऋतुरागिणी.
260 _b"अनघा प्रकाशन,ठाणे."
260 _c2009
300 _a156
600 _aपांढरीपांडे विजय.
630 _aऋतुरागिणी.
700 _aपांढरीपांडे विजय.
730 _aऋतुरागिणी.
942 _cBOOK
999 _c1333516
_d1333513